000 00984nam a2200301 i 4500
005 20210727153123.0
007 ta
008 200426s2001 ck ao gr 001 0 spa d
020 _a9586822834
040 _aCO-BoRNBP
_bspa
_erda
_cCO-BoRNBP
041 0 _aspa
043 _ae-pl---
082 0 4 _a925.4
_bC87g
_223
100 1 _aGarcía, Horacio
_eautor
245 1 3 _aLa cacería de lo inestable
_bMarie Curie
_cHoracio García
250 _aPrimera edición
264 1 _aBogotá, Colombia
_bColciencias
_bAlfaomega
_c2001
300 _a124 páginas
_bilustraciones y fotografías
_c20 cm
336 _atexto
_btxt
_2rdacontent
337 _asin mediación
_bn
_2rdamedia
338 _avolumen
_bnc
_2rdacarrier
490 0 _aViajeros del conocimiento
500 _aIncluye índice
600 1 4 _aCurie, Marie Sklodowska
_d1867-1934
_97269
650 1 7 _aCientíficos polacos
_xLiteratura juvenil
_2ARMARC
650 1 7 _aElementos químicos
_xLiteratura juvenil
_2ARMARC
942 _2ddc
_cBK
999 _c2698
_d2698